El rinoceronte / (Registro nro. 10576)

Detalles MARC
000 -LIDER
fixed length control field 00771nam a2200313 c 4500
001 - NÚMERO DE CONTROL
Identificador de número de control 959
003 - IDENTIFICACDOR DE NÚMERO DE CONTROL
control field DO-SdBNP
005 - DATE AND TIME OF LATEST TRANSACTION
control field 20230731123152.0
007 - CAMPOS FIJOS DE DESCRIPCIÓN FÍSICA
fixed length control field 959
008 - ELEMENTOS DE LONGITUD FIJA
fixed length control field 160506s20uu sp a || 000 1 spa
015 ## - NÚMERO DENTRO DE LA BIBLIOGRAFÍA NACIONAL
National bibliography number
017 ## - NÚMERO DE REGISTRO DE DERECHOS DE AUTOR
Copyright or legal deposit number
Assigning agency
020 ## - ISBN
International Standard Book Number
035 ## - NÚMERO LOCAL
System control number
040 ## - FUENTE DE CATALOGACIÓN
Agencia que crea de manera original el registro BPMSU
Idioma de catalogación spa
Agencia que realiza la transcripción BPMSU
Convenciones de la despripción
080 ## - NÚMERO DE CLASIFICACIÓN DECIMAL UNIVERSAL
Universal Decimal Classification number
082 #4 - NÚMERO DE CLASIFICACIÓN DECIMAL DE DEWEY
Classification number 158.1
Item number A374r
Edition number 22
100 1# - ASIENTO PRINCIPAL -- NOMBRE PERSONAL
Nombre personal Alexander, Scott
Fechas asociadas con el nombre
Término de relación
240 13 - TITULO UNIFORME
Título uniforme
Idioma de una obra
245 13 - MENCIÓN DE TITULO
Título El rinoceronte /
Mención de responsabilidad Scott Alexander
260 ## - PUBLICACIÓN, DISTRIBUCIÓN, ETC. (PIE DE IMPRENTA)
Lugar de publicación, distribución, etc [Barcelona :
Nombre del editor, distribuidor, etc. s.n.
Fecha de publicación, distribución, etc 200-?]
300 ## - DESCRIPCIÓN FÍSICA
Extensión 128 p.:
Otros detalles físicos il. ;
Dimensiones 20 cm
590 ## - NOTA LOCAL
Enlace Inventariado, 2023/VM
650 #4 - ENCABEZAMIENTO DE MATERIA--TEMÁTICO
Término temático o nombre geográfico como elemento de entrada Autorrealización (Psicología)
Subdivisión de forma
Fuente del encabezamiento o término
650 #4 - ENCABEZAMIENTO DE MATERIA--TEMÁTICO
Término temático o nombre geográfico como elemento de entrada Exito
650 #4 - ENCABEZAMIENTO DE MATERIA--TEMÁTICO
Término temático o nombre geográfico como elemento de entrada Personalidad
910 ## - VALIDACIÓN
Validación VMateo V. Control de calidad, BPMSU
942 ## - ADDED ENTRY ELEMENTS (KOHA)
Source of classification or shelving scheme Dewey Decimal Classification
Koha item type Libros
Existencias
Withdrawn status Lost status Source of classification or shelving scheme Damaged status Not for loan Collection code Home library Current library Date acquired Source of acquisition Full call number Barcode Date last seen Price effective from Koha item type Copy number
    Dewey Decimal Classification     Colección Juvenil General Biblioteca Pública Metropolitana Salomé Ureña Biblioteca Pública Metropolitana Salomé Ureña 06/24/2016 BPMSU CG 158.1 A374r BPMSU16060517 06/24/2016 06/24/2016 Libros  
    Dewey Decimal Classification     Colección Juvenil General Biblioteca Pública Metropolitana Salomé Ureña Biblioteca Pública Metropolitana Salomé Ureña 06/24/2016 BPMSU CG 158.1 A374r BPMSU16060518 06/24/2016 06/24/2016 Libros e.2
    Dewey Decimal Classification     Colección Juvenil General Biblioteca Pública Metropolitana Salomé Ureña Biblioteca Pública Metropolitana Salomé Ureña 06/24/2016 BPMSU CG 158.1 A374r BPMSU16060519 06/24/2016 06/24/2016 Libros e.3